000 nam a22 7a 4500
999 _c27586
_d27585
003 OSt
005 20170518104636.0
008 170510b xxu||||| |||| 00| 0 eng d
020 _a9780061922312
040 _aMMU
_beng
_cMMU
_dMMU
050 _aFIC PS3607 .O8965S44 2010
100 _aGowda Somaya Shilpi
245 _aSecret Daughter /
260 _aNew York :
_bWilliam Morrow,
_c2010.
300 _a346 p.:
500 _aIncludes index
650 _aSecret daughter
942 _2lcc
_cLOAN LOAN